00585nam a22001577a 4500003000900000005001700009008004100026040002300067082001300090245018000103260005300283300002600336650001400362650003200376700001900408BDDh-ASL20231015025757.0201124s1999 ||||| |||| 00| 0 eng d aBDDh-ASLcBDDh-ASL a203bGAE00aEncyclopaedia of Faiths and Religions of the World, Volume II: C-D :bAn indepth study of all religions and religious sects, their doctrinesk, rites, ceremonies and customs /  aNew Delhi: bAryan Books International, c1999.  a413-784 p. :c25 cm.  0aReligions 0aEncyclopaediavEncyclopedia1 aGardner, James